Application of Experience Gastronomy in Selected Hotels in Bratislava
Spôsoby využitia skúsenosti gastronómie v hotelových reštauráciách v Bratislave s cieľom motivovať a inšpirovať profesionálov, aby svoje služby zatraktívnili pre vyššiu návštevnosť a hostí.
Salvato in:
| Autore principale: | |
|---|---|
| Natura: | Capitolo di libro |
| Lingua: | inglese |
| Soggetti: | |
| Tags: |
Nessun Tag, puoi essere il primo ad aggiungerne!!
|
MARC
| LEADER | 00000nla a2200000 4500 | ||
|---|---|---|---|
| 001 | 0240516 | ||
| 005 | 20240502073917.5 | ||
| 041 | 0 | |a eng | |
| 044 | |a SK | ||
| 245 | 1 | 0 | |a Application of Experience Gastronomy in Selected Hotels in Bratislava |c Anna Veszprémi Sirotková |
| 520 | |a Spôsoby využitia skúsenosti gastronómie v hotelových reštauráciách v Bratislave s cieľom motivovať a inšpirovať profesionálov, aby svoje služby zatraktívnili pre vyššiu návštevnosť a hostí. | ||
| 610 | 2 | 0 | |a hotely |
| 610 | 2 | 0 | |a marketing |
| 610 | 2 | 0 | |a gastronómia |
| 610 | 2 | 0 | |a služby obchodné |
| 610 | 2 | 0 | |a ruch cestovný |
| 610 | 2 | 0 | |a ruch cestovný zážitkový |
| 100 | 1 | |a Veszprémi Sirotková, Anna, 1966- | |